RUHLAR GÖLÜ (Record no. 716634)

MARC details
000 -LEADER
sabit uzunluktaki kontrol alanı 00233nam a2200097Ia 4500
001 - KONTROL NUMARASI
kontrol alanı 716634
005 - EN SON İŞLEMİN TARİH VE ZAMANI
kontrol alanı 20250826162948.0
008 - SABİT-UZUNLUKTA VERİ ÖĞELERİ--GENEL BİLGİ
sabit uzunluktaki kontrol alanı 250824s9999 xx 000 0 und d
245 #0 - ESER / YAZAR
ESER ADI RUHLAR GÖLÜ
Yazar Adı DARREN SHAN
260 ## - YAYIN, DAĞITIM, VB.
YAYIN EVİ TUDEM YAYINLARI
Holdings
Düşüm durumu Kayıp durumu Hasar Durumu Ödünç verilmez Ana kütüphane Geçerli Kütüphane Edinilen tarih Toplam ödünç verme sayısı Barkod Son görüntüleme tarihi Fiyatın geçerli olmaya başladığı tarih Koha materyal türü Sınıflandırma Kaynağı veya raf şeması Son ödünç verme tarihi
        MAHMUT SAMİ RAZAMANOĞLU KIZ İMAM HATİP LİSESİ MAHMUT SAMİ RAZAMANOĞLU KIZ İMAM HATİP LİSESİ 17.09.2025 4 110010443 13.03.2026 17.09.2025 Books Dewey Ondalık Sınıflama 26.02.2026
        OSMAN NURİ HEKİMOĞLU ANADOLU LİSESİ OSMAN NURİ HEKİMOĞLU ANADOLU LİSESİ 24.08.2025   10332714 26.08.2025 26.08.2025 Books